Human rights and inhuman wrongs / (Record no. 123344)
[ view plain ]
| 000 -LEADER | |
|---|---|
| fixed length control field | 00870nam a22002537a 4500 |
| 005 - DATE AND TIME OF LATEST TRANSACTION | |
| control field | 20170124105924.0 |
| 010 ## - LIBRARY OF CONGRESS CONTROL NUMBER | |
| LC control number | A-713874 |
| 020 ## - INTERNATIONAL STANDARD BOOK NUMBER | |
| Terms of availability | 00.00 |
| International Standard Book Number | 8170185327 |
| 035 ## - SYSTEM CONTROL NUMBER | |
| System control number | A-713874 |
| 037 ## - SOURCE OF ACQUISITION | |
| Source of stock number/acquisition | Cen Lib/Ret |
| 040 ## - CATALOGING SOURCE | |
| Original cataloging agency | DPL |
| Language of cataloging | EN |
| 082 ## - DEWEY DECIMAL CLASSIFICATION NUMBER | |
| Classification number | 340.112 |
| Item number | IYE |
| 100 ## - MAIN ENTRY--PERSONAL NAME | |
| Personal name | Iyer, V. R. Krishna |
| 9 (RLIN) | 69288 |
| 245 ## - TITLE STATEMENT | |
| Title | Human rights and inhuman wrongs / |
| Statement of responsibility, etc | by V. R. Krishna Iyer |
| 260 ## - PUBLICATION, DISTRIBUTION, ETC. (IMPRINT) | |
| Place of publication, distribution, etc | Delhi |
| Name of publisher, distributor, etc | B. R. Publishing |
| Date of publication, distribution, etc | 1990 |
| 270 ## - ADDRESS | |
| Address | 29/9, Nangia Park, Shakti Nagar |
| City | Delhi |
| Postal code | 110007 |
| 300 ## - PHYSICAL DESCRIPTION | |
| Extent | v,175p. |
| Dimensions | 20cm(Hb) |
| 500 ## - GENERAL NOTE | |
| General note | Includes index |
| 650 ## - SUBJECT ADDED ENTRY--TOPICAL TERM | |
| Topical term or geographic name as entry element | Human right monitoring |
| 9 (RLIN) | 5513 |
| 650 ## - SUBJECT ADDED ENTRY--TOPICAL TERM | |
| Topical term or geographic name as entry element | Human right-Law and legislation |
| 9 (RLIN) | 5514 |
| 650 ## - SUBJECT ADDED ENTRY--TOPICAL TERM | |
| Topical term or geographic name as entry element | मानव अधिकार निगरानी |
| 9 (RLIN) | 69289 |
| 650 ## - SUBJECT ADDED ENTRY--TOPICAL TERM | |
| Topical term or geographic name as entry element | मानव अधिकार-कानून और विधान |
| 9 (RLIN) | 5516 |
| 942 ## - ADDED ENTRY ELEMENTS (KOHA) | |
| Source of classification or shelving scheme | Dewey Decimal Classification |
| Koha item type | English Books |
| Classification part | 340.112 |
| Call number suffix | IYE |
| Withdrawn status | Lost status | Damaged status | Not for loan | Home library | Current library | Date acquired | Source of acquisition | Cost, normal purchase price | Total Checkouts | Total Renewals | Full call number | Barcode | Date last seen | Date checked out | Copy number | Cost, replacement price | Price effective from | Koha item type |
|---|---|---|---|---|---|---|---|---|---|---|---|---|---|---|---|---|---|---|
| Central Library | Central Library | 05/06/2015 | Cen Lib/Ret | 0.00 | 1 | 2 | 340.112 IYE | A-713874 | 31/01/2020 | 03/01/2020 | 1 | 0.00 | 05/06/2015 | English Books |
